[Event "GER-chT10 KJ-34 Br04 email"]
[Site "GER email"]
[Date "2013.10.04"]
[Round "?"]
[White "Diele, Ralf"]
[Black "Schiebener, Hans Juergen"]
[Result "1/2-1/2"]
[WhiteElo "1977"]
[BlackElo "1730"]
[PlyCount "89"]
[EventDate "2013.10.15"]
[EventType "tourn (corr)"]
[EventRounds "4"]
[EventCountry "GER"]
[SourceTitle "Corr 2015"]
[Source "ChessBase"]
[SourceDate "2015.07.17"]
[SourceVersion "1"]
[SourceVersionDate "2015.07.17"]
[SourceQuality "1"]

1. Nf3 Nf6 2. c4 e6 3. g3 d5 4. d4 Be7 5. Bg2 0-0 6. 0-0 dxc4 7. Qc2 a6 8. Rd1 b5 9. Ng5 c6 10. b3 cxb3 11. axb3 Bb7 12. Ne4 Nbd7 13. Nbd2 Nd5 14. Bb2 Qb6 15. Rdc1 a5 16. Nc5 Nxc5 17. dxc5 Qc7 18. Ne4 f5 19. Nd6 Bxd6 20. cxd6 Qxd6 21. Rd1 Qe7 22. e4 Nb4 23. Qe2 f4 24. Be5 fxg3 25. hxg3 Rfd8 26. Rxd8+ Rxd8 27. Rxa5 Nd3 28. Bc3 Qc5 29. Qd2 Qb6 30. b4 c5 31. Qe3 Qc7 32. Ra7 Nxb4 33. Qg5 Nc6 34. Bxg7 Rd1+ 35. Kh2 Qxg7 36. Qxg7+ Kxg7 37. Rxb7+ Kg6 38. Rxb5 Rc1 39. Rb7 Nd4 40. e5 Re1 41. f4 Re2 42. Kg1 Re1+ 43. Kh2 Re2 44. Kg1 Re1+ 45. Kh2 1/2-1/2

[Event "GER-chT9 KI-31 Br03 email"]
[Site "GER email"]
[Date "2011.10.17"]
[Round "?"]
[White "Kellermann, Friedrich"]
[Black "Schiebener, Hans Juergen"]
[Result "1/2-1/2"]
[WhiteElo "1906"]
[BlackElo "1682"]
[PlyCount "86"]
[EventDate "2011.10.23"]
[EventType "tourn (corr)"]
[EventRounds "6"]
[EventCountry "GER"]
[SourceTitle "Corr 2015"]
[Source "ChessBase"]
[SourceDate "2015.07.17"]
[SourceVersion "1"]
[SourceVersionDate "2015.07.17"]
[SourceQuality "1"]
[WhiteTeam "Germany"]
[BlackTeam "Latvia"]
[WhiteTeamCountry "GER"]
[BlackTeamCountry "LAT"]

1. c4 Nf6 2. Nc3 e6 3. d4 Bb4 4. Qc2 0-0 5. a3 Bxc3+ 6. Qxc3 b6 7. Bg5 Bb7 8. f3 Nc6 9. e3 h6 10. Bh4 d5 11. cxd5 Nxd5 12. Bxd8 Nxc3 13. bxc3 Raxd8 14. Kf2 Rfe8 15. Bb5 g6 16. Ne2 Kg7 17. c4 a6 18. Bxc6 Bxc6 19. a4 a5 20. c5 e5 21. cxb6 cxb6 22. Rhb1 Rb8 23. Rc1 Rbc8 24. dxe5 Rxe5 25. Nd4 Bd7 26. Rxc8 Bxc8 27. Rb1 Bd7 28. Rxb6 Bxa4 29. e4 Bd7 30. Rb7 Be8 31. Ra7 a4 32. Ke3 Kf8 33. Ra8 Rc5 34. Ne2 Ke7 35. Kd2 f5 36. Ra7+ Kd6 37. Ra6+ Kc7 38. Nd4 Kb7 39. Re6 Bd7 40. Rxg6 a3 41. Rg7 Kc8 42. Rg8+ Kb7 43. Rg7 Kc8 1/2-1/2

[Event "LSS RD-2008-0-00006"]
[Site "LSS email"]
[Date "2008.05.21"]
[Round "?"]
[White "Schiebener, Hans Juergen"]
[Black "Valdez Aguero, Daniel"]
[Result "0-1"]
[WhiteElo "1601"]
[BlackElo "1446"]
[PlyCount "44"]
[EventDate "2008.04.02"]
[EventType "tourn (corr)"]
[EventRounds "6"]
[EventCountry "GER"]
[SourceTitle "Corr 2011"]
[Source "ChessBase"]
[SourceDate "2010.08.31"]
[SourceVersion "1"]
[SourceVersionDate "2010.08.31"]
[SourceQuality "1"]

1. d4 Nf6 2. c4 c5 3. d5 e6 4. Nc3 exd5 5. cxd5 d6 6. e4 g6 7. Nf3 Bg7 8. h3 0-0 9. Bd3 a6 10. a4 Nbd7 11. 0-0 Re8 12. Be3 Qc7 13. Nd2 Rb8 14. Be2 b6 15. Qb3 h6 16. Bf4 Nh7 17. Nc4 Ne5 18. Bxe5 Bxe5 19. Nxe5 Rxe5 20. f4 Re8 21. Bc4 f6 22. Qd1 Qd7 0-1

[Event "GER Pyramid email"]
[Site "GER email"]
[Date "2008.05.11"]
[Round "?"]
[White "Schiebener, Hans Juergen"]
[Black "Heinke, Richard"]
[Result "0-1"]
[WhiteElo "2126"]
[BlackElo "2355"]
[PlyCount "58"]
[EventDate "2005.??.??"]
[EventType "tourn (corr)"]
[EventRounds "9"]
[EventCountry "GER"]
[SourceTitle "Corr 2011"]
[Source "ChessBase"]
[SourceDate "2010.08.31"]
[SourceVersion "1"]
[SourceVersionDate "2010.08.31"]
[SourceQuality "1"]

1. e4 c5 2. Nf3 Nc6 3. d4 cxd4 4. Nxd4 e5 5. Nb5 d6 6. c4 Be7 7. Be2 Be6 8. Be3 a6 9. N5c3 Bg5 10. Bxg5 Qxg5 11. Nd5 Nd4 12. 0-0 Rc8 13. Nbc3 Bh3 14. Ne3 Ne7 15. Kh1 Be6 16. f4 exf4 17. Qxd4 fxe3 18. Qxd6 Rd8 19. Qb6 0-0 20. Rad1 Rd2 21. Rxd2 exd2 22. Qf2 f5 23. Qd4 Nc6 24. Qd6 Bf7 25. exf5 Rd8 26. Qc7 Bh5 27. Bd1 Bxd1 28. Nxd1 Re8 29. Kg1 Re7 0-1